000 00888nas a2200289 4500
001 BR9500835
003 BR-BrBNA
005 20231205094248.0
007 ta
008 230509b bl.|||p| |||| 00| 00por d
040 _aBR-BrBNA
_bpor
_cBiblioteca Nacional de Agricultura
041 _a(Pt)
072 _aF03
100 1 _aSfoggia, H.C.
100 1 _aFormoso, A.M.
100 1 _aJamardo, A.
100 1 _aSartori, G.
100 1 _aMaia, J.N.
245 1 _aComparacao de resultados de analise de sementes de soja (Glycine max (L.)Merrill)realizados pelos laboratorios do Rio Grande do Sul
650 _aSoja
650 _aSemente
650 _aPoder Germinativo
650 _aRio Grande do Sul
773 0 _tAgronomia Sulriograndense (Brazil)
_xISSN 0400-8111
_g(1989), v. 25(2) p. 149-171
_wBR9500835
909 _a202311
_bLúcia
_c55
_dLúcia Elande
942 _2AGRIS
_n0
_cANA
999 _c143167
_d143167